000 00695nam a2200241Ia 4500
003 OSt
005 20221006164711.0
006 a|||||r|||| 00| 0
007 ta
008 221006b |||||||| |||| 00| 0 hin d
024 _a3,516
037 _cTextual
040 _aFML
_cFML
_bhin
041 _2hin
_ahin
082 _aO152 , 2k, P5 - ; 1
100 _aAgrawaal Pratibha Au.
_9678139
245 0 _aBharatiya Rangakosh
_b Sandarbh Hindi Khand 2 Rang Vyaktitva
260 _aKolkata
_bNatya Shodh Sansthan India
_c2006
300 _a320
_ccm.
490 _v02
942 _hO152 , 2k, P5 - ; 1
_cTEXL
_2CC
999 _c1118159
_d1118159